Statistics for Biggest Cities in Nigeria

Click here to take the quiz!

General Stats

  • This quiz has been taken 101 times
  • The average score is 11 of 30

Answer Stats

Pop.Big City#% Correct
8,048,430Lagos1.
100%
2.828,861Kano2.
94%
760,084Abuja8.
92%
2,559,853Ibadan3.
71%
1,147,188Benin City4.
69%
1,005,904Port Harcourt5.
69%
722,664Kaduna9.
60%
543,061Maiduguri14.
48%
534,265Aba15
45%
695,089Zaria11.
42%
812,618Jos6.
37%
722,664Enugu10.
35%
428,798Oyo20.
35%
777,667Ilorin7..
34%
427,873Uyo21.
32%
427,760Sokoto22.
31%
557,397Warri12.
26%
451,671Abeokuta19.
23%
484,798Akure18.
18%
371,022Calabar26.
18%
509,035Ife16.
16%
493,810Bauchi17.
15%
401,873Owerri24.
15%
348,788Minna29.
13%
330,712Lafia30.
10%
421,000Osogbo23.
10%
392,653Yola25.
10%
535,619Ikorodu13.
8%
359,230Umuahia27.
5%
358,430Ondo City28.
0%

Score Distribution

Percentile by Number Answered

Percent of People with Each Score

Your Score History

You have not taken this quiz